[Event "SVK-chT 2324"]
[Site "Slovakia"]
[Date "2024.01.20"]
[Round "5.6"]
[White "Jurcik, Martin"]
[Black "Rigo, Zsolt"]
[Result "1/2-1/2"]
[WhiteElo "2367"]
[BlackElo "2393"]
[PlyCount "29"]
[EventDate "2023.11.04"]
[EventType "team-tourn"]
[EventRounds "11"]
[EventCountry "SVK"]
[SourceTitle "CB04_2024"]
[SourceDate "2023.10.16"]
[SourceVersion "1"]
[SourceVersionDate "2023.10.16"]
[SourceQuality "1"]
[WhiteTeam "Cadca Caissa"]
[BlackTeam "Dunajska Streda"]
[WhiteTeamCountry "SVK"]
[BlackTeamCountry "SVK"]

1. c4 c5 2. Nf3 g6 3. g3 Bg7 4. Nc3 Nc6 5. Bg2 d6 6. 0-0 e6 7. e4 Nge7 8. d3 0-0 9. Be3 Nd4 10. Qd2 Nec6 11. Bh6 Nxf3+ 12. Bxf3 Rb8 13. Bxg7 Kxg7 14. Bg2 Bd7 15. f4 1/2-1/2

[Event "SVK-chT 2324"]
[Site "Slovakia"]
[Date "2023.11.04"]
[Round "1.3"]
[White "Solcan, Martin"]
[Black "Rigo, Zsolt"]
[Result "1/2-1/2"]
[WhiteElo "2177"]
[BlackElo "2393"]
[PlyCount "105"]
[EventDate "2023.11.04"]
[EventType "team-tourn"]
[EventRounds "11"]
[EventCountry "SVK"]
[SourceTitle "Mega2024 Update 01"]
[Source "Chessbase"]
[SourceDate "2023.11.12"]
[SourceVersion "1"]
[SourceVersionDate "2023.11.12"]
[SourceQuality "1"]
[WhiteTeam "Levice"]
[BlackTeam "Dunajska Streda"]
[WhiteTeamCountry "SVK"]
[BlackTeamCountry "SVK"]

1. g3 c5 2. Bg2 g6 3. Nf3 Bg7 4. 0-0 Nc6 5. c4 d6 6. Nc3 e6 7. a3 Nge7 8. Rb1 b6 9. b4 Bb7 10. bxc5 dxc5 11. Ne4 Qc7 12. Bb2 e5 13. d3 0-0 14. Nc3 Nd4 15. Ne1 Rad8 16. e4 Bh6 17. Nd5 Bxd5 18. cxd5 Nc8 19. Bxd4 cxd4 20. Nc2 a5 21. a4 Qc3 22. f4 f6 23. Bh3 Qc7 24. Be6+ Kg7 25. f5 Nd6 26. Na3 gxf5 27. Bxf5 Be3+ 28. Kh1 Kh8 29. Rb2 Qc3 30. Rb3 Qc5 31. Qh5 Qc7 32. Rfb1 Rb8 33. R3b2 Qe7 34. Nc4 Nxc4 35. dxc4 d3 36. Rb3 Bc5 37. Rxd3 Rb7 38. d6 Bxd6 39. Rbd1 Rd8 40. R1d2 Rc7 41. Qd1 Rc6 42. g4 Qf8 43. Rh3 Rc7 44. Rdd3 Rg7 45. Rd5 Bc7 46. Rhd3 Rxd5 47. Rxd5 Qa3 48. Rd3 Qc5 49. Rd7 Qxc4 50. h4 b5 51. Rxg7 Kxg7 52. Qd7+ Kf8 53. Qc8+ 1/2-1/2

[Event "SVK-chT 2122"]
[Site "Slovakia"]
[Date "2022.06.11"]
[Round "10.4"]
[White "Rigo, Zsolt"]
[Black "Leniart, Arkadiusz"]
[Result "1/2-1/2"]
[WhiteElo "2398"]
[BlackElo "2465"]
[PlyCount "32"]
[EventDate "2021.10.23"]
[EventType "team-tourn"]
[EventRounds "11"]
[EventCountry "SVK"]
[SourceTitle "EXT 2023"]
[Source "ChessBase"]
[SourceDate "2022.10.05"]
[SourceVersion "1"]
[SourceVersionDate "2022.10.05"]
[SourceQuality "1"]
[WhiteTeam "Dunajska Streda"]
[BlackTeam "Prakovce"]
[WhiteTeamCountry "SVK"]
[BlackTeamCountry "SVK"]

1. e4 e5 2. Nf3 Nc6 3. Bb5 a6 4. Ba4 Nf6 5. 0-0 Be7 6. d3 b5 7. Bb3 d6 8. Bd2 0-0 9. h3 Bb7 10. Re1 a5 11. a4 b4 12. Be3 d5 13. Nbd2 d4 14. Bg5 Nd7 15. h4 Kh8 16. Nf1 h6 1/2-1/2

[Event "SVK-chT 1920"]
[Site "Slovakia"]
[Date "2020.01.19"]
[Round "6.6"]
[White "Rigo, Zsolt"]
[Black "Ftacnik, Lubomir"]
[Result "0-1"]
[WhiteElo "2401"]
[BlackElo "2521"]
[PlyCount "60"]
[EventDate "2019.10.19"]
[EventType "team-tourn"]
[EventRounds "11"]
[EventCountry "SVK"]
[SourceTitle "CBM 194 Extra"]
[Source "ChessBase"]
[SourceDate "2020.03.31"]
[SourceVersion "1"]
[SourceVersionDate "2020.03.31"]
[SourceQuality "1"]
[WhiteTeam "Dunajska Streda"]
[BlackTeam "Bratislava Slovan"]
[WhiteTeamCountry "SVK"]
[BlackTeamCountry "SVK"]

1. e4 c5 2. Nf3 d6 3. d4 cxd4 4. Nxd4 Nf6 5. Nc3 a6 6. a4 g6 7. Be2 Bg7 8. 0-0 0-0 9. Re1 Nc6 10. Nb3 Be6 11. Bf1 Rc8 12. Nd5 Bxd5 13. exd5 Nb4 14. c4 b5 15. Qd2 bxc4 16. Qxb4 cxb3 17. Qxb3 Nd7 18. a5 Rb8 19. Qa3 Nc5 20. Bc4 Qd7 21. h3 Qf5 22. Ra2 Rfc8 23. Be3 Qe4 24. b3 Nd3 25. Rd1 Nb2 26. Rxb2 Bxb2 27. Qa2 Rxc4 28. bxc4 Be5 29. Qa4 Rb1 30. Bh6 Qe1+ 0-1

[Event "SVK-chT 1819"]
[Site "Slovakia"]
[Date "2019.04.13"]
[Round "10.4"]
[White "Rigo, Zsolt"]
[Black "Nayhebaver, Martin"]
[Result "1/2-1/2"]
[WhiteElo "2393"]
[BlackElo "2462"]
[PlyCount "46"]
[EventDate "2018.11.10"]
[EventType "team-tourn"]
[EventRounds "11"]
[EventCountry "SVK"]
[SourceTitle "CBM 189 Extra"]
[Source "ChessBase"]
[SourceDate "2019.06.03"]
[SourceVersion "1"]
[SourceVersionDate "2019.06.03"]
[SourceQuality "1"]
[WhiteTeam "Modra"]
[BlackTeam "Zilina Mladost"]
[WhiteTeamCountry "SVK"]
[BlackTeamCountry "SVK"]

1. e4 c5 2. Nf3 d6 3. d4 cxd4 4. Qxd4 Nf6 5. Bb5+ Bd7 6. c4 g6 7. Nc3 Bg7 8. 0-0 0-0 9. Qd3 a6 10. Bxd7 Nbxd7 11. Bd2 Rc8 12. Rac1 Re8 13. b3 Qa5 14. Rfe1 Qa3 15. h3 Nc5 16. Qc2 Ne6 17. Nd5 Nxd5 18. exd5 Nc7 19. Qd3 Qxa2 20. Rc2 Qa3 21. Bc1 Qb4 22. Bd2 Qa3 23. Bc1 Qb4 1/2-1/2

[Event "SVK-chT 1819"]
[Site "Slovakia"]
[Date "2019.03.10"]
[Round "8.3"]
[White "Rigo, Zsolt"]
[Black "Manik, Mikulas"]
[Result "1/2-1/2"]
[WhiteElo "2393"]
[BlackElo "2404"]
[PlyCount "40"]
[EventDate "2018.11.10"]
[EventType "team-tourn"]
[EventRounds "11"]
[EventCountry "SVK"]
[SourceTitle "CBM 189 Extra"]
[Source "ChessBase"]
[SourceDate "2019.06.03"]
[SourceVersion "1"]
[SourceVersionDate "2019.06.03"]
[SourceQuality "1"]
[WhiteTeam "Modra"]
[BlackTeam "Prakovce"]
[WhiteTeamCountry "SVK"]
[BlackTeamCountry "SVK"]

1. e4 e5 2. Nf3 Nc6 3. Bb5 a6 4. Ba4 Nf6 5. 0-0 Be7 6. d3 b5 7. Bb3 d6 8. a3 0-0 9. Nc3 Bg4 10. Be3 Nd4 11. Bxd4 exd4 12. Nd5 Nd7 13. h3 Bxf3 14. Nxe7+ Qxe7 15. Qxf3 c6 16. Qg3 Rab8 17. f4 a5 18. Qf2 a4 19. Ba2 c5 20. c3 dxc3 1/2-1/2

[Event "SVK-chT 1819"]
[Site "Slovakia"]
[Date "2019.02.17"]
[Round "6.5"]
[White "Rigo, Zsolt"]
[Black "Molnar, Erno"]
[Result "1-0"]
[WhiteElo "2393"]
[BlackElo "2233"]
[PlyCount "97"]
[EventDate "2018.11.10"]
[EventType "team-tourn"]
[EventRounds "11"]
[EventCountry "SVK"]
[SourceTitle "CBM 188 Extra"]
[Source "ChessBase"]
[SourceDate "2019.02.26"]
[SourceVersion "1"]
[SourceVersionDate "2019.02.26"]
[SourceQuality "1"]
[WhiteTeam "Modra"]
[BlackTeam "Komarno"]
[WhiteTeamCountry "SVK"]
[BlackTeamCountry "SVK"]

1. Nf3 Nf6 2. c4 g6 3. Nc3 d5 4. cxd5 Nxd5 5. Qa4+ Bd7 6. Qh4 Nxc3 7. dxc3 Nc6 8. e4 e5 9. Qxd8+ Rxd8 10. Be3 f6 11. Bc4 Na5 12. Be2 Be6 13. Nd2 b6 14. b4 Nb7 15. a4 Kf7 16. 0-0 Be7 17. Rfb1 f5 18. Nf3 Bf6 19. Ng5+ Bxg5 20. Bxg5 Rb8 21. exf5 gxf5 22. Bh5+ Kg7 23. Re1 h6 24. Bh4 e4 25. Bg3 Kf6 26. Bxc7 Rbc8 27. Bf4 Rxc3 28. Rec1 Rd3 29. Rc7 Rd7 30. Rac1 Rhh7 31. Rxd7 Rxd7 32. h4 Kg7 33. Be5+ Kh7 34. Kh2 Nd6 35. Rc6 Bf7 36. Be2 Ne8 37. Bb5 Re7 38. Bf4 h5 39. a5 bxa5 40. bxa5 Kg7 41. Bh6+ Kg8 42. Be3 Re5 43. Rc5 Rxc5 44. Bxc5 Nc7 45. Bd7 f4 46. Bxa7 Nd5 47. Bd4 e3 48. fxe3 fxe3 49. Bb5 1-0

[Event "SVK-chT 1819"]
[Site "Slovakia"]
[Date "2018.12.08"]
[Round "3.4"]
[White "Rigo, Zsolt"]
[Black "Bokros, Albert"]
[Result "0-1"]
[WhiteElo "2393"]
[BlackElo "2455"]
[PlyCount "52"]
[EventDate "2018.11.10"]
[EventType "team-tourn"]
[EventRounds "11"]
[EventCountry "SVK"]
[SourceTitle "CBM 187 Extra"]
[Source "ChessBase"]
[SourceDate "2018.11.04"]
[SourceVersion "1"]
[SourceVersionDate "2018.11.04"]
[SourceQuality "1"]
[WhiteTeam "Modra"]
[BlackTeam "Dunajska Streda"]
[WhiteTeamCountry "SVK"]
[BlackTeamCountry "SVK"]

1. e4 c5 2. Nf3 Nc6 3. d4 cxd4 4. Nxd4 Qb6 5. Nb3 Nf6 6. Nc3 e6 7. a3 a6 8. Bf4 d5 9. exd5 Nxd5 10. Nxd5 exd5 11. Qxd5 Be6 12. Qe4 Be7 13. Bc4 Bxc4 14. Qxc4 0-0 15. 0-0 Rac8 16. Be3 Qc7 17. c3 b5 18. Qf4 Bd6 19. Qh4 Ne5 20. Nd2 f5 21. Bd4 Nd3 22. b4 Rce8 23. a4 Re6 24. Qh3 Rh6 25. Qxd3 Bxh2+ 26. Kh1 Bg1+ 0-1

[Event "SVK-chT 1819"]
[Site "Slovakia"]
[Date "2018.11.10"]
[Round "1.5"]
[White "Rigo, Zsolt"]
[Black "Bulski, Krzysztof"]
[Result "1/2-1/2"]
[WhiteElo "2393"]
[BlackElo "2544"]
[PlyCount "34"]
[EventDate "2018.11.10"]
[EventType "team-tourn"]
[EventRounds "11"]
[EventCountry "SVK"]
[SourceTitle "CBM 187 Extra"]
[Source "ChessBase"]
[SourceDate "2018.11.04"]
[SourceVersion "1"]
[SourceVersionDate "2018.11.04"]
[SourceQuality "1"]
[WhiteTeam "Modra"]
[BlackTeam "Dunajov Inbest"]
[WhiteTeamCountry "SVK"]
[BlackTeamCountry "SVK"]

1. e4 e5 2. Nf3 Nc6 3. Bb5 a6 4. Ba4 Nf6 5. d3 d6 6. c3 Be7 7. 0-0 0-0 8. Re1 b5 9. Bc2 Re8 10. Nbd2 Bf8 11. a4 Bb7 12. d4 exd4 13. cxd4 Nb4 14. Bb1 c5 15. d5 Nd7 16. Ra3 Be7 17. Nf1 Nb6 1/2-1/2

[Event "SVK-chT 1718"]
[Site "Slovakia"]
[Date "2017.12.09"]
[Round "5.6"]
[White "Rigo, Zsolt"]
[Black "Jakubiec, Artur"]
[Result "0-1"]
[WhiteElo "2391"]
[BlackElo "2502"]
[PlyCount "77"]
[EventDate "2017.09.30"]
[EventType "team-tourn"]
[EventRounds "11"]
[EventCountry "SVK"]
[SourceTitle "EXT 2019"]
[Source "ChessBase"]
[SourceDate "2018.10.10"]
[SourceVersion "1"]
[SourceVersionDate "2018.10.10"]
[SourceQuality "1"]
[WhiteTeam "Modra"]
[BlackTeam "Dunajov Inbest"]
[WhiteTeamCountry "SVK"]
[BlackTeamCountry "SVK"]

1. e4 c5 2. Nf3 d6 3. d4 cxd4 4. Nxd4 Nf6 5. Nc3 a6 6. Be2 e5 7. Nb3 Be7 8. 0-0 Be6 9. Qd3 Nbd7 10. Nd5 Bxd5 11. exd5 0-0 12. Bd2 a5 13. Qb5 a4 14. Na5 Nc5 15. b4 axb3 16. axb3 Qc7 17. f3 e4 18. b4 exf3 19. gxf3 Ncd7 20. c4 Rfb8 21. Be3 Bf8 22. Bd4 g6 23. Rad1 Qd8 24. f4 Ne8 25. c5 dxc5 26. Bf2 cxb4 27. Nb3 Ra3 28. Nd4 Ndf6 29. Bf3 Nd6 30. Qe2 Qd7 31. f5 Re8 32. Qb2 Nc4 33. Qc1 Ne3 34. Ne6 Nxf1 35. Nxf8 Rxf8 36. Bg2 Nxh2 37. Bd4 Nhg4 38. Rf1 Qd6 39. Re1 0-1

[Event "SVK-chT 1617"]
[Site "Slovakia"]
[Date "2017.02.18"]
[Round "7.3"]
[White "Rigo, Zsolt"]
[Black "Mrva, Martin"]
[Result "1-0"]
[WhiteElo "2384"]
[BlackElo "2403"]
[PlyCount "104"]
[EventDate "2016.10.22"]
[EventType "team-tourn"]
[EventRounds "11"]
[EventCountry "SVK"]
[SourceTitle "CBM 177 Extra"]
[Source "ChessBase"]
[SourceDate "2017.04.27"]
[SourceVersion "1"]
[SourceVersionDate "2017.04.27"]
[SourceQuality "1"]
[WhiteTeam "Modra"]
[BlackTeam "Humenne Reinter"]
[WhiteTeamCountry "SVK"]
[BlackTeamCountry "SVK"]

1. e4 d6 2. d4 Nf6 3. Nc3 a6 4. Bf4 e6 5. g4 e5 6. dxe5 Bxg4 7. Be2 Bxe2 8. Ngxe2 Nh5 9. exd6 Nxf4 10. Nxf4 Qxd6 11. Nd3 g6 12. f4 Nd7 13. Qf3 Bh6 14. 0-0-0 0-0 15. Kb1 Rad8 16. Qh3 Bg7 17. Ne5 Bxe5 18. Rxd6 Bxd6 19. e5 Bc5 20. Ne4 Be7 21. f5 Rfe8 22. e6 fxe6 23. fxg6 hxg6 24. Qxe6+ Kg7 25. Qc4 c6 26. a3 Ne5 27. Qc3 Rd5 28. h4 Rh8 29. Qg3 Rh5 30. Qb3 b5 31. Qe3 c5 32. Nc3 Rd4 33. Ne2 Rdxh4 34. Rxh4 Bxh4 35. Qxc5 Bf6 36. Qa7+ Nf7 37. Qxa6 Rf5 38. Ng3 Re5 39. Qb7 Be7 40. Ne4 Nd8 41. Qa8 g5 42. a4 bxa4 43. Qxa4 Ne6 44. Qc4 Kg6 45. b4 Nf4 46. b5 Kf5 47. Nd2 Bc5 48. Qf7+ Kg4 49. Nc4 Rd5 50. Qc7 Kf3 51. b6 g4 52. b7 Ba7 1-0

[Event "HUN-chT 1516"]
[Site "Hungary"]
[Date "2016.04.17"]
[Round "9.7"]
[White "Rigo, Zsolt"]
[Black "Groszpeter, Attila"]
[Result "1/2-1/2"]
[WhiteElo "2381"]
[BlackElo "2446"]
[PlyCount "31"]
[EventDate "2015.11.07"]
[EventType "team-tourn"]
[EventRounds "11"]
[EventCountry "HUN"]
[SourceTitle "CBM 171 Extra"]
[Source "ChessBase"]
[SourceDate "2016.04.26"]
[SourceVersion "1"]
[SourceVersionDate "2016.04.26"]
[SourceQuality "1"]
[WhiteTeam "HVSE Infraplan"]
[BlackTeam "Paks"]
[WhiteTeamCountry "HUN"]
[BlackTeamCountry "HUN"]

1. e4 c5 2. Nf3 d6 3. d4 cxd4 4. Qxd4 Nc6 5. Bb5 Bd7 6. Qd3 g6 7. c4 Bg7 8. Nc3 Nf6 9. 0-0 0-0 10. h3 a6 11. Bxc6 Bxc6 12. Nd4 Nd7 13. Nxc6 bxc6 14. Bd2 a5 15. b3 a4 16. b4 1/2-1/2

[Event "HUN-chT 1516"]
[Site "Hungary"]
[Date "2015.11.08"]
[Round "2"]
[White "Rigo, Zsolt"]
[Black "Horvath, Zsolt"]
[Result "1/2-1/2"]
[WhiteElo "2381"]
[BlackElo "2390"]
[PlyCount "70"]
[EventDate "2015.11.07"]
[EventType "team-tourn"]
[EventRounds "11"]
[EventCountry "HUN"]
[SourceTitle "CBM 169 Extra"]
[Source "ChessBase"]
[SourceDate "2015.12.18"]
[SourceVersion "1"]
[SourceVersionDate "2015.12.18"]
[SourceQuality "1"]
[WhiteTeam "HVSE Infraplan"]
[BlackTeam "Mako"]
[WhiteTeamCountry "HUN"]
[BlackTeamCountry "HUN"]

1. c4 e5 2. g3 d6 3. Bg2 f5 4. Nc3 Nf6 5. d4 Be7 6. Nf3 e4 7. Ng5 h6 8. Nh3 g5 9. f3 exf3 10. exf3 c6 11. d5 c5 12. f4 g4 13. Nf2 h5 14. h3 Kf7 15. Qd3 Na6 16. a3 Bd7 17. Bd2 Nc7 18. Ncd1 b5 19. b3 Qg8 20. Ne3 Qg6 21. Ba5 bxc4 22. bxc4 Rhc8 23. Rb1 Nce8 24. h4 Rab8 25. 0-0 Ng7 26. Qc2 Kg8 27. Rfe1 Bd8 28. Bc3 Rb6 29. Bf1 Rcb8 30. Bd3 R6b7 31. Rxb7 Rxb7 32. Rb1 Rxb1+ 33. Qxb1 Qe8 34. Bd2 Ba5 35. Qe1 Bxd2 1/2-1/2

[Event "SVK-chT 1415"]
[Site "Slovakia"]
[Date "2015.02.22"]
[Round "8.2"]
[White "Rigo, Zsolt"]
[Black "Pagerka, Martin"]
[Result "1-0"]
[WhiteElo "2379"]
[BlackElo "2300"]
[PlyCount "79"]
[EventDate "2014.10.25"]
[EventType "team-tourn"]
[EventRounds "11"]
[EventCountry "SVK"]
[SourceTitle "EXT 2016"]
[Source "ChessBase"]
[SourceDate "2015.10.08"]
[SourceVersion "1"]
[SourceVersionDate "2015.10.08"]
[SourceQuality "1"]
[WhiteTeam "Bratislava Doprastav"]
[BlackTeam "Bratislava Slovan II"]
[WhiteTeamCountry "SVK"]
[BlackTeamCountry "SVK"]

1. c4 e5 2. Nc3 Nf6 3. Nf3 Nc6 4. g3 d5 5. cxd5 Nxd5 6. Bg2 Nb6 7. 0-0 Be7 8. a3 0-0 9. b4 Re8 10. b5 Nd4 11. Nxe5 Be6 12. Rb1 Bf5 13. d3 Bc5 14. Nf3 Nxf3+ 15. Bxf3 Bh3 16. Bg2 Bxg2 17. Kxg2 Bd4 18. Bb2 a6 19. Qb3 Qg5 20. Ne4 Qd8 21. Bxd4 Qxd4 22. Rfc1 axb5 23. Rxc7 Nd5 24. Rxb7 Rad8 25. Rxb5 Rxe4 26. Rxd5 Rxd5 27. dxe4 Qxe4+ 28. Qf3 Qxf3+ 29. Kxf3 f5 30. a4 g6 31. Ra1 Ra5 32. Ke3 Kf7 33. Kd4 Ke6 34. Kc4 Kd6 35. Kb4 Re5 36. Ra2 Kc6 37. a5 Re4+ 38. Kc3 Kb7 39. a6+ Ka7 40. Kd3 1-0

[Event "SVK-chT 1415"]
[Site "Slovakia"]
[Date "2015.02.21"]
[Round "7.1"]
[White "Markos, Jan"]
[Black "Rigo, Zsolt"]
[Result "1/2-1/2"]
[WhiteElo "2590"]
[BlackElo "2379"]
[PlyCount "64"]
[EventDate "2014.10.25"]
[EventType "team-tourn"]
[EventRounds "11"]
[EventCountry "SVK"]
[SourceTitle "EXT 2016"]
[Source "ChessBase"]
[SourceDate "2015.10.08"]
[SourceVersion "1"]
[SourceVersionDate "2015.10.08"]
[SourceQuality "1"]
[WhiteTeam "Bratislava Slovan"]
[BlackTeam "Bratislava Doprastav"]
[WhiteTeamCountry "SVK"]
[BlackTeamCountry "SVK"]

1. d4 Nf6 2. c4 e6 3. Nf3 b6 4. g3 Ba6 5. Qa4 c6 6. Nc3 Be7 7. e4 0-0 8. e5 Ne8 9. Bf4 Nc7 10. Qc2 d5 11. exd6 Bxd6 12. Ne5 b5 13. Bd3 f5 14. b3 bxc4 15. bxc4 c5 16. dxc5 Bxc5 17. Rb1 g5 18. Bc1 Qd6 19. Ng4 Nc6 20. Nh6+ Kg7 21. Qd2 Rf6 22. Qxg5+ Rg6 23. Qf4 Rc8 24. Bxf5 Qxf4 25. Bxf4 exf5 26. Nxf5+ Kf8 27. Nb5 Re6+ 28. Ne3 Bb4+ 29. Rxb4 Nxb4 30. Nxc7 Nd3+ 31. Kd2 Nxf4 32. Nxe6+ Nxe6 1/2-1/2

[Event "SVK-chT 1314"]
[Site "Slovakia"]
[Date "2014.03.30"]
[Round "11.2"]
[White "Rigo, Zsolt"]
[Black "Jurcik, Marian"]
[Result "1/2-1/2"]
[WhiteElo "2379"]
[BlackElo "2481"]
[PlyCount "47"]
[EventDate "2013.11.09"]
[EventType "team-tourn"]
[EventRounds "11"]
[EventCountry "SVK"]
[SourceTitle "EXT 2015"]
[Source "ChessBase"]
[SourceDate "2014.11.20"]
[SourceVersion "1"]
[SourceVersionDate "2014.11.20"]
[SourceQuality "1"]
[WhiteTeam "Bratislava Doprastav"]
[BlackTeam "Cadca"]
[WhiteTeamCountry "SVK"]
[BlackTeamCountry "SVK"]

1. e4 c6 2. Nf3 d5 3. Nc3 Bg4 4. h3 Bh5 5. exd5 cxd5 6. g4 Bg6 7. Bb5+ Nc6 8. Ne5 Rc8 9. d4 e6 10. Qe2 Bd6 11. Nxg6 hxg6 12. Nxd5 a6 13. Bxc6+ Rxc6 14. c3 Ne7 15. Nxe7 Bxe7 16. Qe4 Qb6 17. g5 Qb5 18. h4 e5 19. Bd2 Rb6 20. b3 exd4 21. c4 Qc5 22. Kf1 0-0 23. Kg2 Rd8 24. Rae1 1/2-1/2

[Event "SVK-chT 1314"]
[Site "Slovakia"]
[Date "2014.03.29"]
[Round "10.2"]
[White "Miton, Kamil"]
[Black "Rigo, Zsolt"]
[Result "1-0"]
[WhiteElo "2597"]
[BlackElo "2379"]
[PlyCount "103"]
[EventDate "2013.11.09"]
[EventType "team-tourn"]
[EventRounds "11"]
[EventCountry "SVK"]
[SourceTitle "EXT 2015"]
[Source "ChessBase"]
[SourceDate "2014.11.20"]
[SourceVersion "1"]
[SourceVersionDate "2014.11.20"]
[SourceQuality "1"]
[WhiteTeam "Dunajov"]
[BlackTeam "Bratislava Doprastav"]
[WhiteTeamCountry "SVK"]
[BlackTeamCountry "SVK"]

1. Nf3 c5 2. c4 g6 3. d4 cxd4 4. Nxd4 Nc6 5. e4 Nf6 6. Nc3 d6 7. Be2 Nxd4 8. Qxd4 Bg7 9. Be3 0-0 10. Qd2 a5 11. 0-0 Be6 12. b3 a4 13. e5 Ng4 14. Bxg4 Bxg4 15. Nxa4 Bxe5 16. Bb6 Qe8 17. Bd4 Bxd4 18. Qxd4 Be6 19. Nc3 Qc6 20. Rfe1 Ra5 21. Qh4 Re8 22. Nb5 Qd7 23. a4 Kg7 24. Re3 f6 25. Qd4 Raa8 26. Rae1 Bf7 27. c5 d5 28. f4 Ra6 29. h3 Re6 30. Rxe6 Bxe6 31. Nc7 Qxc7 32. Rxe6 Qd7 33. Rb6 Rc8 34. b4 Re8 35. Qd3 Kf7 36. a5 Rd8 37. a6 bxa6 38. Rxa6 d4 39. c6 Qc7 40. b5 Qxf4 41. Ra1 Qc7 42. Qc4+ Kf8 43. Qc5 Rb8 44. Ra3 h5 45. Rf3 Ke8 46. Rf1 Kf7 47. Qxd4 Qa5 48. Qc4+ Kf8 49. Rb1 Qb6+ 50. Kh1 Rc8 51. Rc1 g5 52. Qc5 1-0

[Event "SVK-chT 1314"]
[Site "Slovakia"]
[Date "2014.03.09"]
[Round "8.3"]
[White "Rigo, Zsolt"]
[Black "Zpevak, Pavel"]
[Result "1-0"]
[WhiteElo "2379"]
[BlackElo "2381"]
[PlyCount "79"]
[EventDate "2013.11.09"]
[EventType "team-tourn"]
[EventRounds "11"]
[EventCountry "SVK"]
[SourceTitle "EXT 2015"]
[Source "ChessBase"]
[SourceDate "2014.11.20"]
[SourceVersion "1"]
[SourceVersionDate "2014.11.20"]
[SourceQuality "1"]
[WhiteTeam "Bratislava Doprastav"]
[BlackTeam "Dubnica nad Vahom"]
[WhiteTeamCountry "SVK"]
[BlackTeamCountry "SVK"]

1. e4 c6 2. Nf3 d5 3. Nc3 Bg4 4. h3 Bxf3 5. Qxf3 e6 6. d4 Nf6 7. Bd3 dxe4 8. Nxe4 Nbd7 9. c3 Nxe4 10. Bxe4 Nf6 11. Bc2 Qd5 12. Qg3 g6 13. 0-0 Bg7 14. Bb3 Qd8 15. Qf3 Nd5 16. g3 a5 17. a3 0-0 18. h4 h5 19. Re1 Qb6 20. Ba2 Rfe8 21. Re2 c5 22. dxc5 Qxc5 23. Bg5 Qc6 24. Kg2 b5 25. Rd1 Ne7 26. Bb1 Qxf3+ 27. Kxf3 b4 28. Be4 Rac8 29. cxb4 axb4 30. axb4 Nc6 31. Bxc6 Rxc6 32. Rd8 Rxd8 33. Bxd8 Bf8 34. b5 Rc8 35. Rd2 Rc5 36. b6 Rb5 37. Rd7 Bc5 38. b7 Kg7 39. Bc7 Kf6 40. b8Q 1-0

[Event "SVK-chT 1213"]
[Site "Slovakia"]
[Date "2012.11.25"]
[Round "4.3"]
[White "Tibensky, Robert"]
[Black "Rigo, Zsolt"]
[Result "1-0"]
[WhiteElo "2396"]
[BlackElo "2384"]
[PlyCount "79"]
[EventDate "2012.10.27"]
[EventType "team-tourn"]
[EventRounds "11"]
[EventCountry "SVK"]
[SourceTitle "EXT 2014"]
[Source "ChessBase"]
[SourceDate "2013.11.20"]
[SourceVersion "1"]
[SourceVersionDate "2013.11.20"]
[SourceQuality "1"]
[WhiteTeam "Trencin"]
[BlackTeam "Bratislava Doprastav"]
[WhiteTeamCountry "SVK"]
[BlackTeamCountry "SVK"]

1. d4 Nf6 2. c4 e6 3. Nc3 Bb4 4. g3 0-0 5. Bg2 d5 6. a3 Be7 7. cxd5 exd5 8. Nf3 Re8 9. 0-0 a5 10. Qc2 Na6 11. Bf4 c6 12. Rad1 h6 13. Ne5 Nc7 14. h3 Bf8 15. g4 Bd6 16. Bg3 c5 17. e3 Ra6 18. f4 cxd4 19. exd4 b5 20. g5 Nh5 21. Qf2 Nxg3 22. Qxg3 hxg5 23. fxg5 Be6 24. g6 fxg6 25. Qxg6 Rf8 26. Rxf8+ Bxf8 27. Rf1 Qh4 28. Ne2 Be7 29. Nf4 Qg5 30. Qc2 Bd8 31. Kh1 Bf5 32. Qc5 Rh6 33. Nxd5 Bxh3 34. Rf8+ Kh7 35. Rh8+ Kxh8 36. Nf7+ Kg8 37. Nxg5 Bxg2+ 38. Kxg2 Rg6 39. Ne7+ Bxe7 40. Qxe7 1-0

[Event "HUN-chT 1112"]
[Site "Hungary"]
[Date "2012.04.22"]
[Round "9"]
[White "Szabo, Krisztian"]
[Black "Rigo, Zsolt"]
[Result "1-0"]
[WhiteElo "2546"]
[BlackElo "2384"]
[PlyCount "47"]
[EventDate "2011.09.25"]
[EventType "team-tourn"]
[EventRounds "11"]
[EventCountry "HUN"]
[SourceTitle "EXT 2013"]
[Source "ChessBase"]
[SourceDate "2012.11.22"]
[SourceVersion "1"]
[SourceVersionDate "2012.11.22"]
[SourceQuality "1"]
[WhiteTeam "Paks"]
[BlackTeam "HVSE Infraplan"]
[WhiteTeamCountry "HUN"]
[BlackTeamCountry "HUN"]

1. e4 c5 2. Nf3 e6 3. d4 cxd4 4. Nxd4 a6 5. Nc3 Qc7 6. Bd3 Nf6 7. 0-0 d6 8. f4 Nbd7 9. Kh1 b5 10. Qe2 Bb7 11. Bd2 Be7 12. b4 h5 13. a4 bxa4 14. Rxa4 Qb6 15. Nb3 h4 16. Na5 Bc8 17. Nc4 Qb8 18. e5 dxe5 19. fxe5 Nh5 20. Ne4 Nxe5 21. Nxe5 Qxe5 22. Ra5 Ng3+ 23. Nxg3 Qxe2 24. Nxe2 1-0

[Event "SVK-chT 1112"]
[Site "Slovakia"]
[Date "2011.11.26"]
[Round "3.3"]
[White "Rigo, Zsolt"]
[Black "Tibensky, Robert"]
[Result "1-0"]
[WhiteElo "2384"]
[BlackElo "2410"]
[PlyCount "51"]
[EventDate "2011.10.22"]
[EventType "team-tourn"]
[EventRounds "11"]
[EventCountry "SVK"]
[SourceTitle "EXT 2013"]
[Source "ChessBase"]
[SourceDate "2012.11.22"]
[SourceVersion "1"]
[SourceVersionDate "2012.11.22"]
[SourceQuality "1"]
[WhiteTeam "Dunajov"]
[BlackTeam "Trencin"]
[WhiteTeamCountry "SVK"]
[BlackTeamCountry "SVK"]

1. e4 c6 2. c4 d5 3. exd5 cxd5 4. d4 Nf6 5. Nc3 e6 6. Nf3 Nc6 7. Bd3 dxc4 8. Bxc4 Be7 9. 0-0 0-0 10. Be3 a6 11. a4 Qa5 12. Qe2 Bd6 13. Rfd1 Nb4 14. Ne5 Bxe5 15. dxe5 Qxe5 16. Qd2 Qc7 17. Bb3 Bd7 18. a5 Nbd5 19. Bd4 Bc6 20. Nxd5 exd5 21. Bxf6 gxf6 22. Qh6 Qe5 23. Rd3 f5 24. Rh3 Rfd8 25. Bc2 d4 26. Rg3+ 1-0